Представление документа в формате RUSMARC

ПолеНазваниеЗначение
  Тип записи a
  Библиографический уровень c
001 Контрольный номер LIBNET\0000343056
005 Дата корректировки 20241121143519.7
010 Индекс ISBN __
a ISBN 978-5-91233-289-0
d Цена 150-00; 152-00; 152-06
b Уточнения в пер.
9 Тираж 10000 экз.
100 Данные общей обработки __
a Данные общей обработки 20151126d2010 dc y0rusy028902 ca
101 Язык документа 0_
a Язык текста rus
102 Страна публикации __
a Страна публикации RU
105 Кодированные данные (монография) __
a Кодированные данные (монография) a z 000ay
181 Поле кодированных данных: вид содержания _0
a Код вида содержания (ISBD) i
182 Поле кодированных данных: тип средства _0
a Код типа средства (ISBD) n
200 Заглавие и сведения об ответственности 1_
a Заглавие Волки
e Сведения, относящиеся к заглавию книга рассказов : для среднего школьного возраста
f Первые сведения об ответственности составитель В. Карачёв
g Последующие сведения об ответственности иллюстрации О. Граблевской [и др.]
203 Вид содержания и тип средства __
a Вид содержания Текст
c Тип средства непосредственный
210 Выходные данные 1_
a Место издания Санкт-Петербург
c Издательство Балтийская книжная компания
c Издательство А. В. К. - Тимошка
d Дата издания 2010
215 Физическое описание __
a Объем 78, [1] c.
c Иллюстрации/тип воспроизводства цв. ил.
d Формат 22 см
225 Серия 2_
a Серия Серия "Мир в рассказах"
225 Серия 2_
a Серия Библиотека В. Карачева для детей и юношества
v Обозначение тома 3
330 Аннотация __
a Аннотация Эти рассказы о вас, ребята. О том, какие вы умные, красивые, послушные, сильные, добрые... Узнали себя? Или кто-то из вас, покраснев, скажет, что он не совсем такой, и случается всякое, за что бывает стыдно. Но и тогда эта книга про вас, про то, как вы учитесь отличать плохое от хорошего, доброе от злого.
464 Аналитический уровень _0
1 2001
a Волки
464 Аналитический уровень _0
1 2001
a Закон жизни
464 Аналитический уровень _0
1 2001
a Медведко
464 Аналитический уровень _0
1 2001
a Мишины горести
464 Аналитический уровень _0
1 2001
a Путь к сердцу
464 Аналитический уровень _0
1 2001
a Серебряный рубль
464 Аналитический уровень _0
1 2001
a Вода
464 Аналитический уровень _0
1 2001
a Мальчик и собака
517 Другие варианты заглавия 1_
a Другие варианты заглавия Мир в рассказах
606 Тематические рубрики __
a Основная рубрика Художественная литература
2 Код системы nlr_sh
606 Тематические рубрики __
a Основная рубрика Русская литература XX в. (произведения)
2 Код системы nlr_sh
610 Ключевые слова 0_
a Ключевые слова детская литература
610 Ключевые слова 0_
a Ключевые слова рассказы
610 Ключевые слова 0_
a Ключевые слова рассказы для детей
610 Ключевые слова 0_
a Ключевые слова рассказы о животных
610 Ключевые слова 0_
a Ключевые слова тема волков
610 Ключевые слова 0_
a Ключевые слова тема детей
610 Ключевые слова 0_
a Ключевые слова тема животных
610 Ключевые слова 0_
a Ключевые слова тема медведей
610 Ключевые слова 0_
a Ключевые слова тема собак
610 Ключевые слова 0_
a Ключевые слова нравственное воспитание
686 Индексы других классификаций __
2 Код системы rubbks
a Классификационный индекс ст84(2=411.2)1-4
702 Вторичная интеллектуальная ответственность _1
a Фамилия Карачев
b Имя В. А.
g Полное личное имя Валерий Александрович
4 Код отношения 220
702 Вторичная интеллектуальная ответственность _1
a Фамилия Граблевская
b Имя О. В.
g Полное личное имя Ольга Венедиктовна
4 Код отношения 440
702 Вторичная интеллектуальная ответственность _1
a Фамилия Доведова
b Имя Е. В.
4 Код отношения 440
702 Вторичная интеллектуальная ответственность _1
a Фамилия Пермякова
b Имя М.
4 Код отношения 440
702 Вторичная интеллектуальная ответственность _1
a Фамилия Воронова
b Имя О.
g Полное личное имя Ольга
4 Код отношения 440
702 Вторичная интеллектуальная ответственность _1
a Фамилия Солоделова
b Имя А. А.
4 Код отношения 440
801 Источник записи _0
a Страна RU
b Организация Муниципальное бюджетное учреждение культуры "Централизованная библиотечная система" г. Сургут (Центральная городская библиотека им. А. С. Пушкина)
c Дата составления 20151126
g Правила каталогизации PSBO
801 Источник записи _1
a Страна RU
b Организация Муниципальное бюджетное учреждение культуры "Централизованная библиотечная система" г. Сургут (Центральная городская библиотека им. А. С. Пушкина)
c Дата составления 20151126
g Правила каталогизации PSBO
852 Данные о местонахождении __
j Шифр хранения ст84(2=411.2)1-4
i Авторский знак В 67
900 Макрообъекты __
a Макрообъекты Волки, 2010
901 Тип документа __
t Тип документа x
a Ответственный КиК/Мамарузиева; КиК/Лукашук; ООФиК/Губина
903 Характеристики (МАРС) __
a Дата передачи 20190314; 20151126; 20240402
969 Тип издания __
a Тип издания издание для детей
990 Данные о заказе (DOS) __
j Количество экземпляров (DOS) 1; 1;
t N записи в КСУ для И/У (DOS) 202404; 201903; 201511